000 02972cgm a2200685Ka 4500
001 ocn642902934
003 OCoLC
005 20241220125554.0
008 100622p20102009cau090 vleng d
007 vd cvaizu
040 _aTEFMT
_cTEFMT
_dTEF
_dGK8
_dTEFMT
_dUINTA
024 1 0 _a013132154893
028 4 2 _aZAF21548
_bAnchor Bay Entertainment
029 1 _aNZ1
_b13409542
035 _a(OCoLC)642902934
037 _bMidwest Tape
_nhttp://www.midwesttapes.com
041 1 _aeng
_jspa
_jeng
_heng
050 4 _aPN1997.2
_b.S65 2010
082 0 4 _a791.43/72
_222
049 _aUCLB
092 _a791.437
245 0 0 _aSolitary man
_h[videorecording] /
_cAnchor Bay Films and Millennium Films present a Nu Image production ; produced by Paul Schiff, Steven Soderbergh, Heidi Jo Markel, Dana Golumb ; written by Brian Koppelman ; directed by Brian Koppelman and David Levien.
260 _aBeverly Hills, CA :
_bAnchor Bay Entertainment,
_c[2010]
300 _a1 videodisc (90 min.) :
_bsd., col. ;
_c4 3/4 in.
538 _aDVD, widescreen (2.35:1)
546 _aEnglish dialogue; Spanish subtitles; English subtitles for the deaf and hard of hearing.
511 1 _aDanny Devito, Jenna Fischer, Jesse Eisenberg, Mary Louise Parker, Michael Douglas, Imogen Poots, Susan Sarandon.
521 8 _aMPAA rating: R; for language and some sexual content.
520 _aBen Kalmen, a fifty-something New Yorker, discovers that he is not the man he wanted to be. Through many business and romantic indiscretions he has lost his once successful car dealership. Now he must make the decision to face the challenges of his not so youthful life.
650 0 _aAutomobile dealers
_vDrama.
_95714518
650 0 _aMiddle-aged men
_vDrama.
_96471538
650 0 _aAdultery
_vDrama.
_95691674
650 0 _aMan-woman relationships
_vDrama.
_95673977
655 0 _aFeature films.
_96211751
655 0 _aComedy films.
_96211752
655 0 _aFiction films.
_96211753
655 0 _aVideo recordings for the hearing impaired.
_96211754
655 7 _aFeature films.
_2gsafd
_96211751
655 7 _aComedy films.
_2gsafd
_96211752
700 1 _aDeVito, Danny.
_926005
700 1 _aFischer, Jenna,
_d1974-
_974151
700 1 _aEisenberg, Jesse,
_d1983-
_969172
700 1 _aParker, Mary-Louise.
_962108
700 1 _aDouglas, Michael,
_d1944-
_926002
700 1 _aPoots, Imogen,
_d1989-
_95815449
700 1 _aSarandon, Susan,
_d1946-
_923755
700 1 _aSchiff, Paul.
_4pro
_934369
700 1 _aSoderbergh, Steven,
_d1963-
_4pro
_933389
700 1 _aMarkel, Heidi Jo.
_4pro
_96183802
700 1 _aGolumb, Dana.
_4pro
_96211755
700 1 _aKoppelman, Brian.
_4aus
_4drt
_947421
700 1 _aLevien, David.
_4drt
_947420
710 2 _aAnchor Bay Entertainment, Inc.
_962410
710 2 _aAnchor Bay Films.
_96206953
710 2 _aMillennium Films.
_967490
710 2 _aNu Image (Firm)
_958817
942 _cDVD
_0139
994 _aC0
_bUINTA
998 _aa136877
999 _c71488
_d71488